000 00287nam a2200121Ia 4500
008 240731s9999 xx 000 0 und d
022 _a1751-7419
245 0 _aFashion Theory
260 _bRoutledge
856 _uhttps://www.tandfonline.com/loi/rfft20
942 _2ddc
942 _cTFEJ
999 _c76611
_d76611
945 _a1
_bMadushi Gamage
_c1
_dMadushi Gamage